01372nam a2200253 a 4500001001000000003000600010005001700016008004100033040002500074082002300099100003300122245004100155250001200196260003600208300002800244505045500272590002500727650003200752650003700784910003700821952012200858952012100980999001701101000025901OCoLC20240313073817.0081209s1980 dr 001 0 spa d aDO-SdBNPbspacBNPHU a070.4bC697c, 19801 aCollado, Lipe,d1947-97981910aCurso de periodismo /cLipe Collado. a3ª ed. aSanto Domingo :bTaller,c1980. a157 p. :bil. ;c22 cm.0 gIntroducción --tEl periodismo: la mejor de las profesiones --tLa noticia --tTécnica de la redacción --tCaracterísticas de la noticia --tLas fuentes --tLa entrevista --tPárrafos cortos --tLa noticia en suspenso --tPeriodismo de profundidad --tNoticia social --tNoticia deportiva --tFotoperiodismo --tCorrector de estilo --tRecomendaciones de estilo --tEl artículo --tLa noticia curiosa, jocosa, extraña --tPunto final -- aInventariado,2018/DG 4aPeriodismovENSEÑANZA926 4aPeriodismoxArte de escribir927 aValidado. Control de calidad EMS 00107-18PDaPDbPDcOId2019-08-07iLF1l0o070.4 C697c, 1980p25901-20r2020-06-25w2020-06-25yLFPDZNo se presta 0010718PDaPDbPDcHDd2011-02-24iLF1l0o070.4 C697c, 1980p25901-10r2020-06-25w2020-06-25yLFPDZNo se presta c25393d25393